Bundesliga 2024/25: Trikotsponsoren (Brust und Ärmel) - Statistiken

Allgemein
  • Dieses Quiz wurde 87 mal gespielt
  • Das Durchschnittsergebnis liegt bei 10 aus 36
Antwortstatistiken
Team Antwort % Korrekt
FC Bayern München Brust Telekom
91%
RB Leipzig Brust Red Bull
86%
VfL Wolfsburg Brust Volkswagen
79%
Borussia Dortmund Brust 1&1
75%
Bayer 04 Leverkusen Brust Barmenia
67%
TSG Hoffenheim Brust SAP
67%
VfB Stuttgart Brust Winamax
59%
Eintracht Frankfurt Brust indeed
58%
SC Freiburg Brust Jobrad
53%
1. FSV Mainz 05 Brust Kömmerling
51%
VfL Bochum Brust Vonovia
50%
FC Augsburg Brust WWK
45%
FC St. Pauli Brust Congstar
36%
SV Werder Bremen Brust Matthäi
33%
1. FC Heidenheim Brust MHP
32%
FC Bayern München Ärmel Allianz
29%
Holstein Kiel Brust famila
28%
Borussia Mönchengladbach Brust Reuter
18%
Holstein Kiel Ärmel Lotto
13%
FC St. Pauli Ärmel Astra
11%
1. FC Heidenheim Ärmel Voith
9%
SV Werder Bremen Ärmel Ammerländer
7%
Borussia Dortmund Ärmel GLS
7%
1. FC Union Berlin Brust HomeToGo
7%
FC Augsburg Ärmel Siegmund
7%
VfB Stuttgart Ärmel hep solar
5%
TSG Hoffenheim Ärmel hep solar
5%
Eintracht Frankfurt Ärmel Elotrans
4%
RB Leipzig Ärmel Kraken
4%
1. FC Union Berlin Ärmel JD Sports
3%
Bayer 04 Leverkusen Ärmel Niedax
3%
SC Freiburg Ärmel Lexware
1%
VfL Wolfsburg Ärmel Linglong Tire
1%
Borussia Mönchengladbach Ärmel sonepar
1%
1. FSV Mainz 05 Ärmel iDM
0%
VfL Bochum Ärmel MTEL
0%
Keine übereinstimmenden Quizze gefunden
Verteilung der Resultate
Anzahl Personen mit jedem Resultat
Perzentil nach korrekt beantworteten Fragen
Ihre Resultats-Entwicklung
Sie haben dieses Quiz noch nicht gespielt